| 000 | 00828nam a2200229 a 4500 | ||
|---|---|---|---|
| 001 | 000020800 | ||
| 005 | 20250701104719.0 | ||
| 008 | 100817s1998 xxub 000 0 spa d | ||
| 020 | _a9275315698 | ||
| 040 |
_aDO-SdBNP _bspa _cBPJMB |
||
| 082 |
_a614.7 _bO68s |
||
| 110 | 1 |
_aOrganización Panamericana de la Salud _91055 |
|
| 245 | 1 | 3 | _aLa salud en las américas. |
| 260 |
_aWashington, D. C. : _bOrganización Panamericana de la Salud, Oficina Sanitaria Panamericana, Oficina Regional de la Organización Mundial de la Salud, _c1998. |
||
| 300 |
_av. 1 : _btablas ; _c27 cm. |
||
| 490 | 1 |
_aPublicación científica _v569 |
|
| 650 | 0 |
_aSalud pública _956565 |
|
| 650 | 0 |
_aPolítica sanitaria _91344 |
|
| 650 | 4 |
_aIndicadores de salud _943592 |
|
| 650 | 4 |
_aAmérica _943593 |
|
| 830 | 4 |
_aPublicación científica ; _v569. _943594 |
|
| 999 |
_c20304 _d20304 |
||